00970nam a2200193 i 4500001000300000245020800003246007100211260004600282300002800328501013000356650003600486650001600522710006900538040000800607041000900615080001300624008004100637856009800678bg 0aWarunki kontraktowe dla robót inżynieryjno-budowlanych /cFédération Internationale des Ingénieurs-Conseils Cz.2: Warunki szczególne ze wskazówkami dla sporządzania klauzul części II.11aConditions of contract for works of civil engineering construction aWarszawa :bCOSMOPOLI CONSULTANTS,c1992. a25, 25,[4] s. ;c30 cm. a1 wyd. ang.-pol. 1992, reprint i tł. 4 wyd. z 1987 przedruk. 1988 z popr. edytorskimi, przedruk. 1992 z dalszymi poprawkami. 9aroboty inżynieryjno-budowlane 9abudownictwo aFIDIC [|Fédération Internationale des Ingénieurs-Conseils] cBPK aplen a69.001.3 s pl f |000 0 pol  uhttp://koha.tu.koszalin.pl/cgi-bin/koha/opac-detail.pl?biblionumber=24153yKatalog online BPK